Toma de decisiones por medio de investigación de operaciones/ (Registro nro. 9120)
[ vista simple ]
| 000 -LEADER | |
|---|---|
| fixed length control field | 01172nam a2200205Ia 4500 |
| 005 - FECHA Y HORA DE LA ÚLTIMA TRANSACCIÓN | |
| control field | 20230905141928.0 |
| 008 - FIXED-LENGTH DATA ELEMENTS--GENERAL INFORMATION | |
| fixed length control field | 230903s9999 xx 000 0 und d |
| 020 ## - INTERNATIONAL STANDARD BOOK NUMBER | |
| International Standard Book Number | 9681801512 |
| 040 ## - CATALOGING SOURCE | |
| Original cataloging agency | UPAN |
| Transcribing agency | Biblioteca San Vicente |
| Description conventions | RCAA2 |
| 041 ## - LANGUAGE CODE | |
| Language code of text/sound track or separate title | spa |
| 082 ## - DEWEY DECIMAL CLASSIFICATION NUMBER | |
| Classification number | 658.403 4 |
| Item number | T454t |
| año de publicación | 2006 |
| 100 ## - MAIN ENTRY--PERSONAL NAME | |
| Personal name | Thierauf Robert J. |
| Relator code | aut. |
| 245 #0 - TITLE STATEMENT | |
| Title | Toma de decisiones por medio de investigación de operaciones/ |
| Remainder of title | Robert J. Thierauf |
| 260 ## - PUBLICATION, DISTRIBUTION, ETC. (IMPRINT) | |
| Place of publication, distribution, etc | México: |
| Name of publisher, distributor, etc | Limusa, |
| Date of publication, distribution, etc | 2006 |
| 300 ## - PHYSICAL DESCRIPTION | |
| Extent | 560 p.; |
| Dimensions | 23 cm. |
| 505 ## - FORMATTED CONTENTS NOTE | |
| Formatted contents note | 1. Introducción a la investigación de operaciones<br/>2. Investigación de operaciones en la empresa<br/>3. Teoría de probabilidades<br/>4. Toma de decisiones en condiciones de incertidumbre<br/>5. PERT/ Tiempo, PERT/ Costo y PERT/ LOB <br/>6. Optimización<br/>7. Modelos de control de inventarios<br/>8. Programación lineal<br/>9. Modelos de transporte<br/>10. Programación no lineal<br/>11. Programación dinámica<br/>12. Juegos y estrategias<br/>13. Anàlisis de Markov<br/>14. Modelos de líneas de espera <br/>15. Simulación<br/>16. Presente y futuro de la investigacion de operaciones |
| 650 ## - SUBJECT ADDED ENTRY--TOPICAL TERM | |
| Source of heading or term | LEMB |
| General subdivision | Investigación operacional |
| 9 (RLIN) | 3 |
| 700 ## - ADDED ENTRY--PERSONAL NAME | |
| Personal name | José Meza Nieto |
| Relator code | tr. |
| 942 ## - ADDED ENTRY ELEMENTS (KOHA) | |
| Koha item type | Libros |
| Source of classification or shelving scheme | Dewey Decimal Classification |
| Withdrawn status | Lost status | Source of classification or shelving scheme | Damaged status | Not for loan | Collection code | Home library | Current library | Date acquired | Total Checkouts | Full call number | Barcode | Date last seen | Copy number | Price effective from | Koha item type |
|---|---|---|---|---|---|---|---|---|---|---|---|---|---|---|---|
| Dewey Decimal Classification | Colección General | Biblioteca UPAN San Vicente | Biblioteca UPAN San Vicente | 03/09/2023 | 658.403 4 T454t | 12001745 | 03/09/2023 | 01 | 03/09/2023 | Libros |